000 00394cam a22001217a 4500
008 180718b1972 xxu||||| |||| 00| 0 eng d
082 _aQ65x54 T321
100 _aBombay : Popular
245 _aMentally retarded children : An Intensive study of 100 cases
_cBy Popular
260 _aBombay
_bPopular
_c1972
300 _a103p.
650 _aChildren with mental disabilities -- India -- Case studies
999 _c413640
_d413640